LEADER 00993nam--2200385---450- 001 990001042410203316 005 20040805145558.0 035 $a0104241 035 $aUSA010104241 035 $a(ALEPH)000104241USA01 035 $a0104241 100 $a20020319d1978----km-y0itay0103----ba 101 $aita 102 $aIT 110 $aau--------- 200 1 $aMetrica 207 $a1(1978) 210 $aMilano$aNapoli$cR. Ricciardi$d1978- 215 $av.$d26 cm 326 $aPeriodicità non determinata 410 $12001 421 1$1001-------$12001 430 1$1001-------$12001 606 0 $aMetrica 676 $a808.1 801 0$aIT$bsalbc$gISBD 912 $a990001042410203316 958 $aLM$bFONDO$c1(1978)-5(1990) 959 $aSE 979 $aPATTY$b90$c20020319$lUSA01$h1419 979 $c20020403$lUSA01$h1744 979 $aPATRY$b90$c20040406$lUSA01$h1712 979 $aPATRY$b90$c20040805$lUSA01$h1455 996 $aMetrica$9137271 997 $aUNISA LEADER 01264nam--2200409---450 001 990000472400203316 005 20220414095238.0 010 $a88-06-11726-2 035 $a0047240 035 $aUSA010047240 035 $a(ALEPH)000047240USA01 035 $a0047240 100 $a20010528h1979----km-y0ENGy0103----ba 101 $aita 102 $aIT 105 $aa---||||001yy 200 1 $a<> architetti del Partenone$fRhys Carpenter$g[traduzione di Aldo Martignetti] 210 $aTorino$cEinaudi$d1979 215 $aXV, 152 p., [16] carte di tav.$cill.$d18 cm 225 2 $aPiccola biblioteca Einaudi$v358 300 $aTitolo originale: The architets of the Parthenon 410 $12001$aPiccola biblioteca Einaudi$v358 454 $12001$a<> architets of the Parthenon$915355 461 1$1001-------$12001 606 0 $aAtene$xPartenone 676 $a722.809385 700 1$aCARPENTER,$bRhys$024849 702 1$aMARTIGNETTI,$bAldo 801 0$aIT$bsalbc$gISBD 912 $a990000472400203316 951 $aXI.3.B. 3 (Varie coll. 11/358)$b119652 L.M.$cVARIE COLL. 951 $aI A U CAR 1$b203 DBC$cI A U 959 $aBK 969 $aUMA 969 $aDBC 996 $aArchitets of the Parthenon$915355 997 $aUNISA